[Event "Chess24 Banter Blitz Cup"]
[Site "chess24.com INT"]
[Date "2019.11.06"]
[Round "1.8"]
[White "Vega Gutierrez, Sabrina Neide"]
[Black "Kamsky, Gata"]
[Result "0-1"]
[WhiteElo "2395"]
[BlackElo "2685"]
[PlyCount "88"]
[EventDate "2019.09.25"]
[EventType "k.o. (blitz)"]
[EventRounds "7"]
[EventCountry "USA"]
[SourceTitle "CBM 192 Extra"]
[Source "Chessbase"]
[SourceDate "2019.11.06"]
[SourceVersion "1"]
[SourceVersionDate "2019.11.06"]
[SourceQuality "1"]

1. e4 g6 2. d4 Bg7 3. Nc3 b6 4. f4 Bb7 5. Nf3 e6 6. Be3 Ne7 7. Bd3 f5 8. O-O
O-O 9. a4 Nbc6 10. Bf2 Nb4 11. e5 Nxd3 12. Qxd3 Nd5 13. Ne2 a5 14. c4 Nb4 15.
Qc3 d5 16. c5 Ba6 17. Rfe1 h6 18. Bh4 Qe8 19. Nc1 Rf7 20. Re3 Bf8 21. Ra3 bxc5
22. dxc5 d4 23. Nxd4 Nd5 24. Qxa5 Nxe3 25. Rxe3 Rd7 26. Qc3 Rd5 27. b4 Qxa4 28.
Ncb3 Qd7 29. Rg3 Kh7 30. Bf6 Bb5 31. h3 Ba4 32. Kh2 Bxb3 33. Nxb3 Ra2 34. Nc1
Rf2 35. Nd3 Re2 36. Rf3 Qa4 37. Nc1 Rc2 38. Qe1 Qa1 39. Nd3 Qxe1 40. Nxe1 Rb2
41. Nd3 Rb3 42. Ne1 Rxb4 43. c6 g5 44. Bd8 Rxd8 0-1

[Event "Chess24 Banter Blitz Cup"]
[Site "chess24.com INT"]
[Date "2019.11.06"]
[Round "1.9"]
[White "Kamsky, Gata"]
[Black "Vega Gutierrez, Sabrina Neide"]
[Result "1-0"]
[WhiteElo "2685"]
[BlackElo "2395"]
[PlyCount "39"]
[EventDate "2019.09.25"]
[EventType "k.o. (blitz)"]
[EventRounds "7"]
[EventCountry "USA"]
[SourceTitle "CBM 192 Extra"]
[Source "Chessbase"]
[SourceDate "2019.11.06"]
[SourceVersion "1"]
[SourceVersionDate "2019.11.06"]
[SourceQuality "1"]

1. d4 d5 2. Nf3 Nf6 3. Bf4 c5 4. e3 Nc6 5. Nbd2 Bf5 6. dxc5 e6 7. Nb3 a5 8. a4
Ne4 9. Nfd4 Bg6 10. Bb5 Qc8 11. c4 Nxc5 12. cxd5 exd5 13. O-O Nd7 14. Rc1 Bb4
15. Nxc6 bxc6 16. Rxc6 Qd8 17. Rc7 Bf5 18. Qxd5 Be6 19. Bxd7+ Bxd7 20. Rxd7 1-0

[Event "Chess24 Banter Blitz Cup"]
[Site "chess24.com INT"]
[Date "2020.01.04"]
[Round "2.1"]
[White "Kamsky, Gata"]
[Black "Henriquez Villagra, Cristobal"]
[Result "1-0"]
[WhiteElo "2685"]
[BlackElo "2594"]
[PlyCount "89"]
[EventDate "2019.09.25"]
[EventType "k.o. (blitz)"]
[EventRounds "7"]
[EventCountry "USA"]
[SourceTitle "CBM 194 Extra"]
[Source "ChessBase"]
[SourceDate "2020.03.31"]
[SourceVersion "1"]
[SourceVersionDate "2020.03.31"]
[SourceQuality "1"]

1. d4 Nf6 2. Nf3 g6 3. c3 Bg7 4. Bf4 O-O 5. e3 d6 6. h3 b6 7. Nbd2 Bb7 8. a4
Nbd7 9. Bh2 e5 10. a5 e4 11. Ng1 Qe7 12. Ne2 b5 13. a6 Bc6 14. Nb3 Rab8 15. Nf4
Nb6 16. Na5 Bd7 17. Be2 Nfd5 18. Nxd5 Nxd5 19. Qb3 Nf6 20. O-O Rfc8 21. Nb7 Qe8
22. Rfc1 Bc6 23. Na5 Ba8 24. Qa3 Nd5 25. Qa2 Bf8 26. b4 Nb6 27. c4 bxc4 28.
Nxc4 Nxc4 29. Bxc4 Rxb4 30. Bg3 Rcb8 31. Rab1 Rxb1 32. Rxb1 Rb6 33. Rxb6 cxb6
34. d5 b5 35. Bb3 Qc8 36. Kh2 Qc5 37. Qa5 Be7 38. Qd2 b4 39. Qa2 Qb5 40. Kg1 h5
41. Bc4 Qc5 42. h4 Qb6 43. Qa4 Qc5 44. Qe8+ Bf8 45. Qxa8 1-0

[Event "Chess24 Banter Blitz Cup"]
[Site "chess24.com INT"]
[Date "2020.01.04"]
[Round "2.2"]
[White "Henriquez Villagra, Cristobal"]
[Black "Kamsky, Gata"]
[Result "1/2-1/2"]
[WhiteElo "2594"]
[BlackElo "2685"]
[PlyCount "120"]
[EventDate "2019.09.25"]
[EventType "k.o. (blitz)"]
[EventRounds "7"]
[EventCountry "USA"]
[SourceTitle "CBM 194 Extra"]
[Source "ChessBase"]
[SourceDate "2020.03.31"]
[SourceVersion "1"]
[SourceVersionDate "2020.03.31"]
[SourceQuality "1"]

1. e4 g6 2. d4 Bg7 3. Nc3 d6 4. Bf4 a6 5. Qd2 b5 6. O-O-O Nd7 7. f3 Bb7 8. Kb1
b4 9. Nce2 a5 10. h4 h6 11. Nc1 e5 12. dxe5 Nxe5 13. Bb5+ Kf8 14. Be3 Qf6 15.
Bd4 g5 16. hxg5 hxg5 17. Rxh8 Bxh8 18. g3 c6 19. Be2 c5 20. Bxe5 Qxe5 21. Qxd6+
Qxd6 22. Rxd6 Be5 23. Rb6 Bc8 24. Bc4 Bxg3 25. Nge2 Bh2 26. Nd3 g4 27. fxg4
Bxg4 28. Nec1 Ne7 29. b3 Bg1 30. Rb7 Bd4 31. Nf4 Bc8 32. Rb6 Ra7 33. Nce2 Be5
34. Nd3 Bg7 35. Nxc5 Rc7 36. Nd3 Nc6 37. a3 bxa3 38. Ka2 Nd4 39. Nxd4 Bxd4 40.
Rb8 Kg7 41. Kxa3 Bb7 42. e5 Be4 43. Ka4 Bc3 44. e6 fxe6 45. Bxe6 Bc6+ 46. Ka3
Kf6 47. Bc4 Be4 48. Rf8+ Kg7 49. Rf1 Bxd3 50. Bxd3 Bb4+ 51. Ka4 Rf7 52. Rxf7+
Kxf7 53. Bc4+ Ke7 54. Bd3 Kd6 55. Bc4 Kc5 56. Bd3 Kd4 57. Kb5 Kc3 58. Ka4 Kd4
59. Kb5 Kc3 60. Ka4 Kd4 1/2-1/2

[Event "Chess24 Banter Blitz Cup"]
[Site "chess24.com INT"]
[Date "2020.01.04"]
[Round "2.3"]
[White "Kamsky, Gata"]
[Black "Henriquez Villagra, Cristobal"]
[Result "0-1"]
[WhiteElo "2685"]
[BlackElo "2594"]
[PlyCount "170"]
[EventDate "2019.09.25"]
[EventType "k.o. (blitz)"]
[EventRounds "7"]
[EventCountry "USA"]
[SourceTitle "CBM 194 Extra"]
[Source "ChessBase"]
[SourceDate "2020.03.31"]
[SourceVersion "1"]
[SourceVersionDate "2020.03.31"]
[SourceQuality "1"]

1. d4 Nf6 2. Nf3 g6 3. Bg5 Bg7 4. Nbd2 O-O 5. c3 d6 6. e4 Nbd7 7. Bd3 h6 8. Bh4
Qe8 9. O-O g5 10. Bg3 Nh5 11. Nc4 e6 12. Nfd2 Nxg3 13. hxg3 Qe7 14. Re1 b6 15.
a4 a6 16. e5 Bb7 17. Bb1 dxe5 18. dxe5 Rfd8 19. Qe2 Bd5 20. f4 gxf4 21. gxf4
Qh4 22. Qf2 Qxf2+ 23. Kxf2 Nc5 24. Re2 Nb3 25. Ra3 Nxd2 26. Nxd2 Bf8 27. Ra1 b5
28. Be4 c6 29. Bxd5 cxd5 30. Nf3 Bc5+ 31. Kg3 bxa4 32. Rxa4 a5 33. Kh4 Rdb8 34.
Kh5 Kh7 35. g4 Rg8 36. g5 hxg5 37. Nxg5+ Kg7 38. Kg4 Be7 39. Rh2 Bxg5 40. fxg5
Rgc8 41. Rf2 Rc4+ 42. Rxc4 dxc4 43. Rf4 Rb8 44. Rxc4 Rxb2 45. Rc5 a4 46. Ra5
Rc2 47. Rxa4 Rxc3 48. Ra7 Rc4+ 49. Kf3 Kg6 50. Re7 Rh4 51. Ke3 Rh5 52. Kf4 Rh4+
53. Ke3 Rh1 54. Kf4 Rf1+ 55. Ke4 Rf5 56. Re8 Kxg5 57. Rg8+ Kh6 58. Rg2 Rg5 59.
Rf2 Kg6 60. Rf6+ Kg7 61. Rf4 Rg1 62. Rf2 Kf8 63. Ra2 Re1+ 64. Kf4 Rf1+ 65. Ke4
f5+ 66. exf6 Kf7 67. Ra5 Kxf6 68. Rb5 Re1+ 69. Kf4 e5+ 70. Kf3 Kf5 71. Rb4 Rc1
72. Ke3 Rc3+ 73. Ke2 Rh3 74. Kf2 e4 75. Rb8 Kf4 76. Rf8+ Ke5 77. Re8+ Kd4 78.
Rd8+ Kc3 79. Re8 Kd3 80. Rd8+ Kc2 81. Ke2 Rh4 82. Ke3 Kb3 83. Re8 Rh3+ 84. Kxe4
Kc3 85. Kd5 Kd2 0-1

[Event "Chess24 Banter Blitz Cup"]
[Site "chess24.com INT"]
[Date "2020.01.04"]
[Round "2.4"]
[White "Henriquez Villagra, Cristobal"]
[Black "Kamsky, Gata"]
[Result "1-0"]
[WhiteElo "2594"]
[BlackElo "2685"]
[PlyCount "109"]
[EventDate "2019.09.25"]
[EventType "k.o. (blitz)"]
[EventRounds "7"]
[EventCountry "USA"]
[SourceTitle "CBM 194 Extra"]
[Source "ChessBase"]
[SourceDate "2020.03.31"]
[SourceVersion "1"]
[SourceVersionDate "2020.03.31"]
[SourceQuality "1"]

1. e4 c5 2. Nf3 d6 3. d4 cxd4 4. Nxd4 Nf6 5. Nc3 a6 6. h3 b6 7. g4 Bb7 8. Bg2
e6 9. O-O Qc7 10. Re1 Nbd7 11. g5 Ng8 12. Nd5 exd5 13. exd5+ Be7 14. Nc6 Kf8
15. Bf4 Bxc6 16. dxc6 Ne5 17. Qd5 h6 18. Rxe5 dxe5 19. Bxe5 Qd8 20. c7 Qxd5 21.
Bxd5 Rc8 22. Bb7 Rxc7 23. Bxc7 Bc5 24. g6 Ne7 25. c3 a5 26. b4 axb4 27. cxb4
Bxb4 28. Bxb6 Nxg6 29. a4 Ke7 30. a5 Bxa5 31. Bxa5 Rb8 32. Re1+ Kf6 33. Bg2 Nh4
34. Bc3+ Kg6 35. Be5 Re8 36. Bc3 Rc8 37. Bd4 Nxg2 38. Kxg2 Rd8 39. Be3 Rd5 40.
Kf3 Rh5 41. Kg4 Rd5 42. h4 h5+ 43. Kg3 f6 44. Rc1 Kf5 45. Rc5 Rxc5 46. Bxc5 g5
47. Be7 Kg6 48. Bd8 Kf5 49. Kf3 gxh4 50. Kg2 Ke5 51. Kh3 f5 52. Kxh4 Kf4 53.
Kxh5 Kf3 54. Bb6 f4 55. Kg5 1-0

[Event "Barcelona City op 24th"]
[Site "Barcelona"]
[Date "2019.09.27"]
[Round "1"]
[White "Jimenez Ruano, Adrian"]
[Black "Kamsky, Gata"]
[Result "0-1"]
[WhiteElo "2311"]
[BlackElo "2685"]
[PlyCount "74"]
[EventDate "2019.09.27"]
[EventType "swiss"]
[EventRounds "9"]
[EventCountry "ESP"]
[SourceTitle "EXT 2020"]
[Source "ChessBase"]
[SourceDate "2019.10.17"]
[SourceVersion "1"]
[SourceVersionDate "2019.10.17"]
[SourceQuality "1"]

1. d4 g6 2. c4 Bg7 3. Nc3 d6 4. e4 Nf6 5. Nf3 O-O 6. h3 c6 7. Be2 e5 8. d5 Na6
9. Be3 Bd7 10. g4 Nc5 11. Nd2 cxd5 12. cxd5 Rc8 13. g5 Nh5 14. Bxc5 Rxc5 15.
Bxh5 gxh5 16. Qxh5 f5 17. gxf6 Qxf6 18. O-O-O b5 19. Kb1 b4 20. Ne2 Qh6 21.
Qxh6 Bxh6 22. Rh2 Bb5 23. Nc1 Rxc1+ 24. Rxc1 Bxd2 25. Rd1 Bh6 26. Rg2+ Kf7 27.
Rg3 Ke7 28. a3 a5 29. axb4 axb4 30. f3 b3 31. f4 Be2 32. Re1 exf4 33. Rxb3 f3
34. Rb7+ Kf6 35. Rxh7 f2 36. Rh1 Be3 37. Rd7 Rg8 0-1

[Event "Barcelona City op 24th"]
[Site "Barcelona"]
[Date "2019.09.28"]
[Round "2"]
[White "Kamsky, Gata"]
[Black "Bharath, Subramaniyam H"]
[Result "1-0"]
[WhiteElo "2685"]
[BlackElo "2417"]
[PlyCount "61"]
[EventDate "2019.09.27"]
[EventType "swiss"]
[EventRounds "9"]
[EventCountry "ESP"]
[SourceTitle "EXT 2020"]
[Source "ChessBase"]
[SourceDate "2019.10.17"]
[SourceVersion "1"]
[SourceVersionDate "2019.10.17"]
[SourceQuality "1"]

1. e4 c5 2. Nc3 e6 3. Nf3 a6 4. g3 b5 5. Bg2 Bb7 6. d3 d6 7. O-O Nf6 8. Ng5 h6
9. Nh3 Be7 10. f4 O-O 11. g4 b4 12. Na4 d5 13. e5 Nfd7 14. c4 Nc6 15. cxd5 exd5
16. Be3 Nd4 17. Bxd4 cxd4 18. Qe2 Re8 19. Kh1 Rc8 20. Qf2 Bc6 21. b3 Bxa4 22.
bxa4 Rc3 23. Rad1 Nc5 24. g5 Nxd3 25. Qe2 Nc5 26. gxh6 Ne6 27. Qg4 g6 28. f5
Ng5 29. e6 d3 30. exf7+ Kxf7 31. f6 1-0

[Event "Barcelona City op 24th"]
[Site "Barcelona"]
[Date "2019.09.29"]
[Round "3"]
[White "Firman, Nazar"]
[Black "Kamsky, Gata"]
[Result "0-1"]
[WhiteElo "2495"]
[BlackElo "2685"]
[PlyCount "126"]
[EventDate "2019.09.27"]
[EventType "swiss"]
[EventRounds "9"]
[EventCountry "ESP"]
[SourceTitle "EXT 2020"]
[Source "ChessBase"]
[SourceDate "2019.10.17"]
[SourceVersion "1"]
[SourceVersionDate "2019.10.17"]
[SourceQuality "1"]

1. e4 e5 2. Nf3 Nc6 3. Bb5 Nf6 4. d3 d6 5. Bd2 g6 6. Bc3 Bg7 7. Nbd2 O-O 8.
Bxc6 bxc6 9. O-O c5 10. a3 Nh5 11. b4 cxb4 12. axb4 f5 13. Ra3 fxe4 14. dxe4
Nf4 15. Nc4 Qd7 16. Bd2 Nxg2 17. Ng5 Nh4 18. Rh3 Qxh3 19. Nxh3 Bxh3 20. Be3
Nf3+ 21. Kh1 Kh8 22. Na5 a6 23. Qd3 Bxf1 24. Qxf1 Bf6 25. Bh6 Bg7 26. Be3 h5
27. Qc4 Kh7 28. Kg2 Rac8 29. Nc6 Rce8 30. Qxa6 Ne1+ 31. Kf1 Nxc2 32. Ba7 Nd4
33. Qc4 Nxc6 34. Qxc6 Re7 35. Ke2 Bf6 36. b5 Bh4 37. Be3 Rf6 38. b6 cxb6 39.
Qxb6 Ref7 40. Qb8 Bxf2 41. Bg5 Rf3 42. Qxd6 Bd4 43. Qe6 Rf2+ 44. Kd3 Rc7 45.
Bd2 Rxh2 46. Ba5 Ra7 47. Bb4 Rb7 48. Qc8 Rf7 49. Qe6 Rhf2 50. Be7 R2f3+ 51. Kc4
Kg7 52. Kd5 Rb3 53. Bd6 Rbb7 54. Kc6 Ra7 55. Bxe5+ Bxe5 56. Qxe5+ Rf6+ 57. Kb5
Kf7 58. Qg5 Re7 59. Qh6 Rxe4 60. Qh7+ Ke6 61. Kc5 Kf5 62. Qd7+ Rfe6 63. Kd5 h4
0-1

[Event "Barcelona City op 24th"]
[Site "Barcelona"]
[Date "2019.09.30"]
[Round "4"]
[White "Kamsky, Gata"]
[Black "Moussard, Jules"]
[Result "1/2-1/2"]
[WhiteElo "2685"]
[BlackElo "2608"]
[PlyCount "176"]
[EventDate "2019.09.27"]
[EventType "swiss"]
[EventRounds "9"]
[EventCountry "ESP"]
[SourceTitle "EXT 2020"]
[Source "ChessBase"]
[SourceDate "2019.10.17"]
[SourceVersion "1"]
[SourceVersionDate "2019.10.17"]
[SourceQuality "1"]

1. d4 f5 2. g3 Nf6 3. Bg2 d6 4. Nf3 g6 5. O-O Bg7 6. b3 O-O 7. Bb2 c6 8. c4 a5
9. a3 Ne4 10. Nbd2 Nxd2 11. Qxd2 Nd7 12. Rfd1 Nf6 13. Qc2 Ne4 14. Ne1 Qe8 15.
d5 Bxb2 16. Qxb2 g5 17. Qd4 Qg6 18. Rac1 c5 19. Qe3 Rf7 20. Nd3 Bd7 21. f3 Nf6
22. f4 h6 23. b4 axb4 24. axb4 b6 25. Ra1 Rxa1 26. Rxa1 Ng4 27. Qc1 Qf6 28. e3
gxf4 29. gxf4 Qh4 30. h3 Nf6 31. Qe1 Qh5 32. Ra8+ Kh7 33. bxc5 bxc5 34. Kh2 Rg7
35. Ra7 Bc8 36. Nc1 Ne4 37. Ne2 Qg6 38. Bf3 Qf6 39. Ra8 Bb7 40. Ra7 Bc8 41. Ra8
Bd7 42. Ra7 e6 43. dxe6 Qxe6 44. Qc1 Qf6 45. Bxe4 fxe4 46. Qf1 Qb2 47. f5 Qe5+
48. Qf4 Qxf5 49. Qxf5+ Bxf5 50. Ra6 Be6 51. Rxd6 Bxc4 52. Ng3 Bd3 53. Rc6 Rg5
54. h4 Re5 55. h5 c4 56. Kh3 Rg5 57. Kh4 Kg7 58. Rc7+ Kh8 59. Rc6 Kh7 60. Rc7+
Rg7 61. Rc6 Rf7 62. Kg4 Rf2 63. Rc7+ Kg8 64. Rc6 Kf7 65. Rxh6 c3 66. Rc6 c2 67.
Rc7+ Kg8 68. h6 Rg2 69. Kf4 Rg1 70. Nh5 c1=Q 71. Nf6+ Kf8 72. Nh7+ Ke8 73. Nf6+
Kd8 74. Rxc1 Rxc1 75. h7 Rh1 76. Kg5 Be2 77. Kg6 Ke7 78. Ng8+ Kf8 79. Nh6 Rg1+
80. Kf6 Rf1+ 81. Kg6 Bh5+ 82. Kxh5 Kg7 83. h8=Q+ Kxh8 84. Kg6 Rg1+ 85. Kf5 Kg7
86. Ng4 Rg2 87. Ne5 Rg3 88. Kxe4 Rxe3+ 1/2-1/2

[Event "Barcelona City op 24th"]
[Site "Barcelona"]
[Date "2019.10.01"]
[Round "5"]
[White "Donchenko, Alexander"]
[Black "Kamsky, Gata"]
[Result "1/2-1/2"]
[WhiteElo "2631"]
[BlackElo "2685"]
[PlyCount "49"]
[EventDate "2019.09.27"]
[EventType "swiss"]
[EventRounds "9"]
[EventCountry "ESP"]
[SourceTitle "EXT 2020"]
[Source "ChessBase"]
[SourceDate "2019.10.17"]
[SourceVersion "1"]
[SourceVersionDate "2019.10.17"]
[SourceQuality "1"]

1. Nf3 f5 2. g3 Nf6 3. Bg2 g6 4. c4 Bg7 5. Nc3 d6 6. d4 O-O 7. O-O c6 8. d5 e5
9. dxe6 Bxe6 10. b3 Na6 11. Ng5 Bc8 12. Bb2 h6 13. Nf3 Be6 14. Nd4 Bf7 15. Qc2
Nc5 16. Rad1 Qb6 17. e3 a5 18. Nde2 Rfd8 19. Ba3 Qc7 20. Bxc5 dxc5 21. Rxd8+
Rxd8 22. Rd1 Rd6 23. h3 Qd8 24. Rxd6 Qxd6 25. Kf1 1/2-1/2

[Event "Barcelona City op 24th"]
[Site "Barcelona"]
[Date "2019.10.03"]
[Round "7"]
[White "Sosa, Tomas1"]
[Black "Kamsky, Gata"]
[Result "1/2-1/2"]
[WhiteElo "2524"]
[BlackElo "2685"]
[PlyCount "46"]
[EventDate "2019.09.27"]
[EventType "swiss"]
[EventRounds "9"]
[EventCountry "ESP"]
[SourceTitle "EXT 2020"]
[Source "ChessBase"]
[SourceDate "2019.10.17"]
[SourceVersion "1"]
[SourceVersionDate "2019.10.17"]
[SourceQuality "1"]

1. e4 c5 2. Nf3 Nc6 3. Bb5 g6 4. Bxc6 bxc6 5. d4 cxd4 6. Qxd4 f6 7. c4 d6 8.
O-O c5 9. Qd3 Nh6 10. Nc3 Nf7 11. Be3 Bg7 12. a3 f5 13. Ng5 O-O 14. Rad1 Qe8
15. b4 Rb8 16. Nb5 Nxg5 17. Bxg5 h6 18. Bd2 a6 19. Nc7 Qf7 20. exf5 Bxf5 21.
Qe2 cxb4 22. axb4 Rbc8 23. Nd5 Be6 1/2-1/2

[Event "Barcelona City op 24th"]
[Site "Barcelona"]
[Date "2019.10.05"]
[Round "9"]
[White "Kamsky, Gata"]
[Black "Perunovic, Milos"]
[Result "1-0"]
[WhiteElo "2685"]
[BlackElo "2569"]
[PlyCount "59"]
[EventDate "2019.09.27"]
[EventType "swiss"]
[EventRounds "9"]
[EventCountry "ESP"]
[SourceTitle "EXT 2020"]
[Source "ChessBase"]
[SourceDate "2019.10.17"]
[SourceVersion "1"]
[SourceVersionDate "2019.10.17"]
[SourceQuality "1"]

1. d4 Nf6 2. Bf4 e6 3. e3 b6 4. Nf3 Bb7 5. Nbd2 d6 6. h3 Nbd7 7. Bh2 Qe7 8. a4
a5 9. Bb5 g6 10. O-O Bg7 11. Re1 O-O 12. e4 e5 13. c3 Nh5 14. Bxd7 Qxd7 15.
dxe5 dxe5 16. Nxe5 Qe7 17. Ndf3 Rad8 18. Qb3 Bh6 19. Qc4 Bf4 20. Bxf4 Nxf4 21.
Rad1 c5 22. Qb3 Qf6 23. Nd7 Nxh3+ 24. gxh3 Qxf3 25. Re3 c4 26. Qc2 Bxe4 27.
Rxe4 Rfe8 28. Rde1 Rxe4 29. Qxe4 Qxh3 30. Nxb6 1-0

[Event "FIDE Chess.com Grand Swiss"]
[Site "Douglas"]
[Date "2019.10.10"]
[Round "1"]
[White "Kamsky, Gata"]
[Black "Erdos, Viktor"]
[Result "1/2-1/2"]
[WhiteElo "2685"]
[BlackElo "2604"]
[PlyCount "67"]
[EventDate "2019.10.10"]
[EventType "swiss"]
[EventRounds "11"]
[EventCountry "IOM"]
[SourceTitle "CBM 193"]
[Source "ChessBase"]
[SourceDate "2019.12.31"]
[SourceVersion "1"]
[SourceVersionDate "2019.12.31"]
[SourceQuality "1"]

1. d4 Nf6 2. Nf3 g6 3. Bf4 Bg7 4. c3 d6 5. Nbd2 O-O 6. e4 Nbd7 7. Be2 Qe8 8.
O-O e5 9. dxe5 dxe5 10. Bg5 h6 11. Bh4 Nc5 12. Qc2 a5 13. Rfe1 Bd7 14. Bf1 Bc6
15. Rac1 a4 16. b4 axb3 17. axb3 b6 18. b4 Nb7 19. c4 Nh5 20. Re3 Nf4 21. Qb2
Qe6 22. c5 bxc5 23. b5 Bd7 24. Ra3 Rxa3 25. Qxa3 Nd6 26. Qxc5 Rb8 27. Bg3 g5
28. Bxf4 gxf4 29. Rb1 Rb7 30. g3 fxg3 31. hxg3 Bf6 32. b6 cxb6 33. Rxb6 Rxb6
34. Qxb6 1/2-1/2

[Event "FIDE Chess.com Grand Swiss"]
[Site "Douglas"]
[Date "2019.10.11"]
[Round "2"]
[White "Paravyan, David"]
[Black "Kamsky, Gata"]
[Result "1/2-1/2"]
[WhiteElo "2602"]
[BlackElo "2685"]
[PlyCount "78"]
[EventDate "2019.10.10"]
[EventType "swiss"]
[EventRounds "11"]
[EventCountry "IOM"]
[SourceTitle "CBM 193"]
[Source "ChessBase"]
[SourceDate "2019.12.31"]
[SourceVersion "1"]
[SourceVersionDate "2019.12.31"]
[SourceQuality "1"]

1. e4 c5 2. Nf3 Nc6 3. Nc3 g6 4. d4 cxd4 5. Nxd4 Bg7 6. Be3 Nf6 7. Bc4 O-O 8.
Bb3 a5 9. O-O a4 10. Nxa4 Nxe4 11. Nb5 Ra6 12. Qe2 d6 13. c4 Nf6 14. Rad1 Ng4
15. Bg5 Bf6 16. Bc1 Nge5 17. Bh6 Re8 18. Nc5 dxc5 19. Rxd8 Rxd8 20. Bf4 Bf5 21.
Bc2 Be6 22. Bb3 Bf5 23. Rd1 Rxd1+ 24. Qxd1 Nd3 25. g4 Nxb2 26. Qd2 Bxg4 27. Bg5
Bxg5 28. Qxg5 Bf5 29. Nc7 Ra7 30. Nd5 b6 31. Qe3 Nd3 32. Bc2 Rxa2 33. Bxd3 Ra3
34. Qf4 Rxd3 35. Qc7 Be4 36. f3 Bxd5 37. cxd5 Nb4 38. Qb8+ Kg7 39. Qe5+ Kg8
1/2-1/2

[Event "FIDE Chess.com Grand Swiss"]
[Site "Douglas"]
[Date "2019.10.13"]
[Round "4"]
[White "Lenderman, Aleksandr"]
[Black "Kamsky, Gata"]
[Result "1-0"]
[WhiteElo "2648"]
[BlackElo "2685"]
[PlyCount "113"]
[EventDate "2019.10.10"]
[EventType "swiss"]
[EventRounds "11"]
[EventCountry "IOM"]
[SourceTitle "CBM 193"]
[Source "ChessBase"]
[SourceDate "2019.12.31"]
[SourceVersion "1"]
[SourceVersionDate "2019.12.31"]
[SourceQuality "1"]

1. d4 f5 2. g3 Nf6 3. Bg2 d6 4. Nf3 g6 5. O-O Bg7 6. c4 O-O 7. Nc3 c6 8. d5 e5
9. dxe6 Bxe6 10. b3 Na6 11. Ng5 Bc8 12. Bb2 h6 13. Nf3 Be6 14. e3 Nc5 15. Qc2
a5 16. Ne2 Bf7 17. Rad1 Qe7 18. Nf4 Nfe4 19. Bd4 Ne6 20. Nxe6 Qxe6 21. Bxg7
Kxg7 22. Nd4 Qe5 23. f4 Qe7 24. g4 c5 25. Nb5 Nf6 26. gxf5 Rad8 27. e4 gxf5 28.
exf5 Rfe8 29. Qc3 Qe3+ 30. Qxe3 Rxe3 31. Rxd6 Rxd6 32. Nxd6 b6 33. Bf3 Rd3 34.
Nc8 a4 35. bxa4 Ra3 36. Nxb6 Rxa2 37. Rd1 Ra3 38. Bc6 Bh5 39. Re1 Bg4 40. Re7+
Kf8 41. Re5 Ra1+ 42. Kf2 Ra2+ 43. Ke3 Rxh2 44. Rxc5 h5 45. a5 Ra2 46. Ba4 Re2+
47. Kd3 Re7 48. Bc6 Ra7 49. Bh1 Kg7 50. Kc3 h4 51. Nc8 Ra6 52. Rc7+ Kf8 53. Rc6
Rxc6 54. Bxc6 Bxf5 55. Nd6 Bd7 56. Bh1 Ke7 57. a6 1-0

[Event "FIDE Chess.com Grand Swiss"]
[Site "Douglas"]
[Date "2019.10.14"]
[Round "5"]
[White "Kamsky, Gata"]
[Black "Sethuraman, SP."]
[Result "1/2-1/2"]
[WhiteElo "2685"]
[BlackElo "2624"]
[PlyCount "84"]
[EventDate "2019.10.10"]
[EventType "swiss"]
[EventRounds "11"]
[EventCountry "IOM"]
[SourceTitle "CBM 193"]
[Source "ChessBase"]
[SourceDate "2019.12.31"]
[SourceVersion "1"]
[SourceVersionDate "2019.12.31"]
[SourceQuality "1"]

1. e4 e5 2. Nf3 Nc6 3. Bb5 a6 4. Ba4 Nf6 5. O-O Nxe4 6. d4 b5 7. Bb3 d5 8. dxe5
Be6 9. Be3 Be7 10. c3 O-O 11. Nbd2 Bg4 12. Nxe4 dxe4 13. Qd5 Qxd5 14. Bxd5 exf3
15. Bxc6 fxg2 16. Kxg2 Rab8 17. b4 f6 18. Bd5+ Kh8 19. f3 Bf5 20. e6 Bd6 21.
Rfe1 Rfe8 22. Bd4 Rbd8 23. Rad1 Bc2 24. Rd2 Bf4 25. Be3 Bxe3 26. Rxe3 c6 27.
Rxc2 Rxd5 28. c4 Rd6 29. Ra3 h6 30. Rxa6 Rexe6 31. cxb5 cxb5 32. Rxd6 Rxd6 33.
Rc5 Rd2+ 34. Kg3 Rxa2 35. Rxb5 Kh7 36. h4 Rd2 37. h5 Rd4 38. f4 f5 39. Kf3 Rd3+
40. Ke2 Rd4 41. Ke3 Re4+ 42. Kf3 Rc4 1/2-1/2

[Event "FIDE Chess.com Grand Swiss"]
[Site "Douglas"]
[Date "2019.10.17"]
[Round "7"]
[White "Kamsky, Gata"]
[Black "Volokitin, Andrei"]
[Result "1/2-1/2"]
[WhiteElo "2685"]
[BlackElo "2627"]
[PlyCount "39"]
[EventDate "2019.10.10"]
[EventType "swiss"]
[EventRounds "11"]
[EventCountry "IOM"]
[SourceTitle "CBM 193"]
[Source "ChessBase"]
[SourceDate "2019.12.31"]
[SourceVersion "1"]
[SourceVersionDate "2019.12.31"]
[SourceQuality "1"]

1. e4 e5 2. Nf3 Nf6 3. d4 Nxe4 4. Bd3 d5 5. Nxe5 Nd7 6. Nxd7 Bxd7 7. O-O Bd6 8.
c4 c6 9. cxd5 cxd5 10. Qh5 O-O 11. Qxd5 Bc6 12. Qh5 g6 13. Qh6 Re8 14. Nc3 Bf8
15. Qf4 Bd6 16. Qh6 Bf8 17. Qf4 Bd6 18. Qh6 Bf8 19. Qf4 Bd6 20. Qh6 1/2-1/2

[Event "FIDE Chess.com Grand Swiss"]
[Site "Douglas"]
[Date "2019.10.18"]
[Round "8"]
[White "Yilmaz, Mustafa"]
[Black "Kamsky, Gata"]
[Result "1/2-1/2"]
[WhiteElo "2595"]
[BlackElo "2685"]
[PlyCount "60"]
[EventDate "2019.10.10"]
[EventType "swiss"]
[EventRounds "11"]
[EventCountry "IOM"]
[SourceTitle "CBM 193"]
[Source "ChessBase"]
[SourceDate "2019.12.31"]
[SourceVersion "1"]
[SourceVersionDate "2019.12.31"]
[SourceQuality "1"]

1. d4 d5 2. c4 c6 3. Nc3 Nf6 4. Nf3 a6 5. e3 g6 6. Be2 Bg7 7. O-O O-O 8. a4
dxc4 9. Bxc4 Bg4 10. h3 Bxf3 11. Qxf3 Nbd7 12. Rd1 b5 13. Bf1 b4 14. Na2 a5 15.
Qxc6 e5 16. Bd2 Rc8 17. Qb7 exd4 18. exd4 Nb6 19. Nc1 Rc2 20. Nb3 Nfd5 21. Be1
Rxb2 22. Nxa5 Qa8 23. Qxa8 Rxa8 24. Nc4 Nxc4 25. Bxc4 Nc3 26. Rd2 Rxd2 27. Bxd2
Bxd4 28. Re1 Bf6 29. Bb3 Kg7 30. Kf1 Nxa4 1/2-1/2

[Event "FIDE Chess.com Grand Swiss"]
[Site "Douglas"]
[Date "2019.10.19"]
[Round "9"]
[White "Kamsky, Gata"]
[Black "Safarli, Eltaj"]
[Result "1/2-1/2"]
[WhiteElo "2685"]
[BlackElo "2593"]
[PlyCount "75"]
[EventDate "2019.10.10"]
[EventType "swiss"]
[EventRounds "11"]
[EventCountry "IOM"]
[SourceTitle "CBM 193"]
[Source "ChessBase"]
[SourceDate "2019.12.31"]
[SourceVersion "1"]
[SourceVersionDate "2019.12.31"]
[SourceQuality "1"]

1. e4 c5 2. Nc3 Nc6 3. Bb5 Nd4 4. Nf3 a6 5. Bc4 Nxf3+ 6. Qxf3 e6 7. a4 Ne7 8.
O-O Nc6 9. Qg3 Qf6 10. d3 Qg6 11. Qh3 h5 12. f4 Nd4 13. f5 Qg4 14. Qe3 h4 15.
h3 Qg3 16. Qxg3 hxg3 17. Bf4 Nxc2 18. Rac1 Nd4 19. Bxg3 Be7 20. Be5 Bf6 21. Bd6
Be7 22. Be5 Bf6 23. Bxf6 gxf6 24. fxe6 dxe6 25. Rxf6 Bd7 26. a5 Ke7 27. Rf2
Rag8 28. Kf1 Rg5 29. Ne2 Nc6 30. Ra1 Ne5 31. b3 Bc6 32. Ke1 Rd8 33. Rd1 Bb5 34.
Bxb5 axb5 35. d4 Nc6 36. dxc5 Rxd1+ 37. Kxd1 Rxc5 38. Nc1 1/2-1/2